000 00891nam a22001817a 4500
999 _c27792
_d27792
003 BDDh-ASL
005 20231015030808.0
008 211110s2006 b ||||| |||| 00| 0 b d
040 _aBDDh-ASL
_cBDDh-ASL
082 _a954
_bMAU
100 1 _94443
_aমামুন, আবদুস সালাম
245 1 0 _aউপমহাদেশের আইন ও শাসনের ইতিহাস, প্রথম খণ্ড : প্রাচীন কাল থেকে সুলতানী আমল /
246 _aHistory of Law and Administration in the Indian Sub-Continent by Abdus Salam Mamun.
260 _aঢাকা :
_bঅ্যাডর্ন পাবলিকেশন,
_c2006.
300 _a416 p. :
_c22 cm.
650 0 _95945
_aআইনের ইতিহাস (History of Law), Governance History, শাসনের ইতিহাস
942 _2ddc
_cBK